Successful Coaching for Leaders and Managers How to Blend Virtual and Face-to-Face Coaching Effectively for Today's Hybrid Workplaces

Uložené v:
Podrobná bibliografia
Hlavný autor: McCarthy, Grace
Médium: Kniha
Jazyk:English
Vydavateľské údaje: Abingdon Routledge 2025
Vydanie:1st Edition
Predmet:
Tagy: Pridať tag
Žiadne tagy, Buďte prvý, kto otaguje tento záznam!

MARC

LEADER 00000nam a2200000 4500
001 0312588
005 20251013112923.9
020 |a 9781003239826 
041 0 |a eng 
044 |a GB 
245 1 0 |a Successful Coaching for Leaders and Managers  |b How to Blend Virtual and Face-to-Face Coaching Effectively for Today's Hybrid Workplaces  |c Grace McCarthy 
250 |a 1st Edition 
264 1 |a Abingdon  |b Routledge  |c 2025 
300 |a 212 s. 
500 |a Taylor and Francis e-books. 
610 2 0 |a vedenie 
610 2 0 |a koučovanie 
610 2 0 |a riadenie 
610 2 0 |a lídri 
610 2 0 |a manažéri 
610 2 0 |a manažment 
610 2 0 |a miesta pracovné 
610 2 0 |a prostredie pracovné 
610 2 0 |a inteligencia umelá 
100 1 |a McCarthy, Grace